Nueva cartografía de los puertos de Acapulco, Campeche y Veracruz /

En la presente obra, el autor analiza una serie de mapas, planos, cartas marítimas y vistas de los puertos de Acapulco, Campeche y Veracruz, que proceden en su mayoría de distintos repositorios europeos. Constituye una aportación para el mejor conocimiento de la cartografía del Nuevo Mundo durante l...

Fuld beskrivelse

Guardado en:
Bibliografiske detaljer
Hovedforfatter: Calderón Quijano, José Antonio (autor)
Format: Bog
Sprog:spansk
Serier:(Publicaciones de la Escuela de Estudios Hispano-Americanos de Sevilla ; 184)
(Anuario ; 171)
Fag:
Tags: Tilføj Tag
Ingen Tags, Vær først til at tagge denne postø!

MARC

LEADER 00000nam^a2200000^a^4500
001 000127511
005 20250521000000.0
009 20260310094805.785
037 |a Acervo ITESO - Biblioteca 
041 |a ESP 
082 |a 972. 603  |b CAL 
100 |a Calderón Quijano, José Antonio  |e (autor) 
245 1 0 |a Nueva cartografía de los puertos de Acapulco, Campeche y Veracruz /  |c J.A. Calderón Quijano. 
300 |a 49 p. 
336 |a texto  |b txt  |2 rdacontenido 
337 |a sin mediación  |b n  |2 rdamedio 
338 |a volumen  |b nc  |2 rdasoporte 
440 1 |a (Publicaciones de la Escuela de Estudios Hispano-Americanos de Sevilla ;  |v 184) 
440 1 |a (Anuario ;  |v 171) 
520 |a En la presente obra, el autor analiza una serie de mapas, planos, cartas marítimas y vistas de los puertos de Acapulco, Campeche y Veracruz, que proceden en su mayoría de distintos repositorios europeos. Constituye una aportación para el mejor conocimiento de la cartografía del Nuevo Mundo durante la Epoca Moderna. 
649 |a XX 
650 |a Veracruz (Ciudad) -  |x Mapas 
650 |a Campeche (Ciudad) -  |x Mapas 
650 |a Acapulco, Guerrero -  |x Mapas 
650 |a México -  |x Mapas 
650 |a Cartografía -  |z México 
650 |a Puertos -  |z México -  |x Historia -  |y Epoca Colonial, 1517-1821 
650 |a Navegación -  |z México -  |x Historia -  |y Epoca Colonial, 1517-1821 
650 |a Veracruz (Ciudad) -  |x Historia -  |y Epoca Colonial, 1517-1821 
650 |a Campeche (Ciudad) -  |x Historia -  |y Epoca Colonial, 1517-1821 
650 |a Acapulco, Guerrero -  |x Historia -  |y Epoca Colonial, 1517-1821 
650 |a México -  |x Historia -  |y Epoca Colonial, 1517-1821 
910 |a Fondo Salvador Reynoso Reynoso 
920 |a Impresos - Libros 
930 |a Fondos Especiales 
905 |a 112 
901 |a 0800009202  |b IT2  |c ESP  |u 20250521 
902 |a https://opac.biblio.iteso.mx/vufind/Record/000127511